| 000 | 00353nam a2200133 a 4500 | ||
|---|---|---|---|
| 005 | 20140414131906.0 | ||
| 008 | 100901s19uu xx 00 eng d | ||
| 050 |
_aFIC _bSt5 2000 |
||
| 100 | _aStilton, Geronimo | ||
| 245 | _aAll because of a cup of coffee. | ||
| 260 |
_aNew York : _bScholastic, _c2000. |
||
| 440 | _aGeronimo Stilton | ||
| 999 |
_c110975 _d110975 |
||